000 00392nam a2200145Ia 4500
008 210210b2002 xxu||||| |||| 00| 0 eng d
082 _a306.0954 RAOS
100 _aRAO (C N Shankar).
245 _aStudy of contemporary indian society.
260 _aMangaluru.
_bJai Bharath Prakashana.,
_c2002
300 _a374
650 _aIndian society
690 _aIndian Society
906 _a058098
999 _c105427
_d105427